| 000 | 01025nam a22002651u 4500 | ||
|---|---|---|---|
| 001 | 12334 | ||
| 003 | HDC | ||
| 007 | cr bn --- | ||
| 008 | 210209p2001 my eng | ||
| 040 | _aHDC | ||
| 100 |
_aAb. Aziz Ibrahim, _eauthor _912911 |
||
| 245 | 0 |
_aPredicting storage life of sapodilla (Manilkara zapota L.) by non-destructive technique / _cby Ab. Aziz Ibrahim, Mohd. Nordin Ibrahim, Abd. Shukor Abd. Rahman and Izham Ahmad |
|
| 260 |
_aSerdang : _bMalaysian Agricultural Research and Development Institute (MARDI), _c2001 |
||
| 300 | _a1 page | ||
| 336 |
_atext _2rdacontent |
||
| 337 |
_acomputer _2rdamedia |
||
| 338 |
_aonline resource _2rdacarrier |
||
| 650 |
_aKiwifirm device _912914 |
||
| 650 |
_aNon-destructive technique _912912 |
||
| 650 |
_aSapodilla _912913 |
||
| 856 | _zRequest full-text at [email protected] | ||
| 942 | _2lcc | ||
| 942 | _cAR | ||
| 942 | _kJART 003102 | ||
| 999 |
_c9657 _d9657 |
||